Study on protein profiles in commercial examination glove production (Record no. 69849)

MARC details
000 -LEADER
fixed length control field 00674nam a2200241Ia 4500
100 ## - MAIN ENTRY--AUTHOR NAME
Personal name Yusof Nurul Hayati
245 #0 - TITLE STATEMENT
Title Study on protein profiles in commercial examination glove production
260 ## - PUBLICATION, DISTRIBUTION, ETC. (IMPRINT)
Name of publisher Journal of Rubber Research
Year of publication 2010
300 ## - PHYSICAL DESCRIPTION
Number of Pages 207-217
650 ## - SUBJECT ADDED ENTRY--TOPICAL TERM
Topical Term Allergenic proteins
650 ## - SUBJECT ADDED ENTRY--TOPICAL TERM
Topical Term Antigenic proteins
650 ## - SUBJECT ADDED ENTRY--TOPICAL TERM
Topical Term Examination gloves
650 ## - SUBJECT ADDED ENTRY--TOPICAL TERM
Topical Term Extractable proteins
650 ## - SUBJECT ADDED ENTRY--TOPICAL TERM
Topical Term Glove line
650 ## - SUBJECT ADDED ENTRY--TOPICAL TERM
Topical Term Post-leaching
650 ## - SUBJECT ADDED ENTRY--TOPICAL TERM
Topical Term Pre-leaching
650 ## - SUBJECT ADDED ENTRY--TOPICAL TERM
Topical Term Protein profile
700 ## - ADDED ENTRY--PERSONAL NAME
Personal name Hasma H
700 ## - ADDED ENTRY--PERSONAL NAME
Personal name Md Said Mazam
700 ## - ADDED ENTRY--PERSONAL NAME
Personal name Mohd Yatim Amir Hashim
942 ## - ADDED ENTRY ELEMENTS (KOHA)
Koha item type Journals
Holdings
Withdrawn status Lost status Damaged status Not for loan Home library Current library Date acquired Serial Enumeration / chronology Koha item type
      Journals RRII Library RRII Library 04/03/2011 Volume 13, Issue 4 Journals